UPPSC-UP PCS Uttar Pradesh A Comprehensive Study/ (Record no. 202181)

MARC details
000 -LEADER
fixed length control field 00551nam a22001817a 4500
005 - DATE AND TIME OF LATEST TRANSACTION
control field 20240430154644.0
010 ## - LCCN (DPL NO)
LC control number ENG-140160
020 ## - INTERNATIONAL STANDARD BOOK NUMBER
Terms of availability 179.00
International Standard Book Number 9789356180918
035 ## - SYSTEM CONTROL NUMBER
System control number EN-123692
037 ## - SOURCE OF ACQUISITION
Source of stock number/acquisition DBAD
082 ## - DEWEY DECIMAL CLASSIFICATION NUMBER
Classification number 530
100 ## - MAIN ENTRY--PERSONAL NAME
Personal name Khetan Shikhar
245 ## - TITLE STATEMENT
Title UPPSC-UP PCS Uttar Pradesh A Comprehensive Study/
Statement of responsibility, etc Khetan Shikhar
260 ## - PUBLICATION, DISTRIBUTION, ETC. (IMPRINT)
Place of publication, distribution, etc New Delhi
Name of publisher, distributor, etc Rachna Sagar Pvt. Ltd.
Date of publication, distribution, etc 2022
270 ## - ADDRESS
Address 4583/15, Daraganj, New Delhi
City New Delhi
Postal code 110002
300 ## - PHYSICAL DESCRIPTION
Extent 168p.
Dimensions 28cm(pb)
942 ## - ADDED ENTRY ELEMENTS (KOHA)
Source of classification or shelving scheme Dewey Decimal Classification
Item type English Books
Call number suffix KHE
Classification part 530
Holdings
Withdrawn status Lost status Not for loan Collection code Home library Current library Date acquired Source of acquisition Cost, normal purchase price Full call number Barcode Copy number Cost, replacement price Koha item type
    Not For Loan Non-fiction D.B.Act.Division D.B.Act.Division 30/04/2024 DBAD 179.00 KHE 530 EN-123692 1 179.00 English Books

© Delhi Public Library
Hit Counter
free hit counter